| 000 | 00506nam a2200181Ia 4500 | ||
|---|---|---|---|
| 008 | 151018s9999 xx 000 0 und d | ||
| 082 |
_bRBASDV23526 _a891.461 |
||
| 100 | _a- | ||
| 245 | _aस्तोत्र रत्नावली | ||
| 250 | _b15 | ||
| 260 |
_bगिता एजन्सी _c1962 |
||
| 300 | _a316 | ||
| 600 | _a- | ||
| 630 | _aस्तोत्र रत्नावली | ||
| 700 | _a- | ||
| 730 | _aस्तोत्र रत्नावली | ||
| 942 | _cBOOK | ||
| 999 |
_c1023181 _d1023178 |
||